[Event "Titled Tuesday intern op 12th Sep Early"]
[Site "Chess.com INT"]
[Date "2023.09.12"]
[Round "3"]
[White "Filali, Razzouki Marouan"]
[Black "Principe, Alexander"]
[Result "0-1"]
[WhiteElo "2234"]
[BlackElo "2295"]
[PlyCount "112"]
[EventDate "2023.09.12"]
[EventType "swiss (blitz)"]
[EventRounds "11"]
[EventCountry "USA"]
[SourceTitle "EXT 2024"]
[Source "ChessBase"]
[SourceDate "2023.10.10"]
[SourceVersion "1"]
[SourceVersionDate "2023.10.10"]
[SourceQuality "1"]

1. e4 e6 2. d4 d5 3. exd5 exd5 4. Bd3 Nc6 5. c3 Bd6 6. Nf3 Bg4 7. b4 Nge7 8. a4 f6 9. b5 Na5 10. Ba3 0-0 11. 0-0 Bxa3 12. Nxa3 Qd6 13. Nc2 Rae8 14. Ne3 Bh5 15. Re1 Qf4 16. Be2 c6 17. g3 Qd6 18. Nh4 Bxe2 19. Qxe2 g6 20. Qd3 Kf7 21. Rab1 b6 22. Nhg2 Nc8 23. Nf4 Ne7 24. h4 Rd8 25. Ng4 Rfe8 26. Ne6 Rd7 27. Nd8+ Rdxd8 28. h5 Nf5 29. Kg2 Nc4 30. Rh1 Re4 31. hxg6+ hxg6 32. bxc6 Kg7 33. Nh2 Rh8 34. Nf3 Rxh1 35. Rxh1 Qxc6 36. Qd1 Qe6 37. Qc1 g5 38. Rh5 Rg4 39. Qh1 Nce3+ 40. Kg1 Qg8 41. fxe3 Nxg3 42. Qg2 Qe6 43. Qh3 Qxe3+ 44. Kg2 Qe2+ 45. Kg1 Qe3+ 46. Kg2 Qe2+ 47. Kg1 Qd1+ 48. Kg2 Qc2+ 49. Kg1 Qg6 50. Qxg4 Nxh5 51. Qd7+ Qf7 52. Qd6 Nf4 53. Kf2 Qe6 54. Qc7+ Kg6 55. Qd8 Qe2+ 56. Kg1 Qg2# 0-1

[Event "Titled Tuesday intern op 15th Aug Late"]
[Site "Chess.com INT"]
[Date "2023.08.15"]
[Round "4"]
[White "Mendoza, Rodrigo"]
[Black "Principe, Alexander"]
[Result "1-0"]
[WhiteElo "2152"]
[BlackElo "2295"]
[PlyCount "73"]
[EventDate "2023.08.15"]
[EventType "swiss (blitz)"]
[EventRounds "11"]
[EventCountry "USA"]
[SourceTitle "EXT 2024"]
[Source "ChessBase"]
[SourceDate "2023.10.10"]
[SourceVersion "1"]
[SourceVersionDate "2023.10.10"]
[SourceQuality "1"]

1. d4 Nf6 2. c4 g6 3. Nc3 Bg7 4. e4 0-0 5. Nf3 d6 6. Be2 e5 7. 0-0 Nc6 8. d5 Ne7 9. Ne1 Nd7 10. Nd3 c5 11. Be3 f5 12. f3 f4 13. Bf2 g5 14. b4 b6 15. a4 Ba6 16. Nb5 Nf6 17. bxc5 bxc5 18. Rb1 Nc8 19. Bxc5 dxc5 20. Kh1 Nd7 21. Qd2 Rf6 22. a5 Bf8 23. Qc3 Bxb5 24. Rxb5 Bd6 25. Rfb1 h5 26. Bd1 Rf7 27. Ba4 Rb8 28. Rb7 Rxb7 29. Rxb7 Bc7 30. Bxd7 Rxd7 31. Nxc5 Re7 32. Qb3 Bxa5 33. Ne6 Rxe6 34. dxe6 Qd2 35. Qb1 Nb6 36. c5 Nc4 37. Rd7 1-0

[Event "Titled Tuesday intern op 15th Aug Late"]
[Site "Chess.com INT"]
[Date "2023.08.15"]
[Round "2"]
[White "Principe, Alexander"]
[Black "Bortnyk, Olexandr"]
[Result "0-1"]
[WhiteElo "2295"]
[BlackElo "2608"]
[PlyCount "78"]
[EventDate "2023.08.15"]
[EventType "swiss (blitz)"]
[EventRounds "11"]
[EventCountry "USA"]
[SourceTitle "EXT 2024"]
[Source "ChessBase"]
[SourceDate "2023.10.10"]
[SourceVersion "1"]
[SourceVersionDate "2023.10.10"]
[SourceQuality "1"]

1. e4 Nf6 2. Nc3 d5 3. e5 Nfd7 4. f4 d4 5. Ne4 f5 6. Ng3 Nb6 7. Nf3 c5 8. a4 a5 9. b3 Nc6 10. Ba3 e6 11. Bb5 Nd5 12. Ne2 Be7 13. 0-0 0-0 14. Qe1 Bd7 15. Qg3 Ncb4 16. Bxb4 axb4 17. Bd3 Bc6 18. Ng5 Qd7 19. h4 h6 20. Nf3 Qe8 21. Qh3 Qh5 22. g3 Ne3 23. dxe3 Bxf3 24. Rfe1 dxe3 25. Nc1 c4 26. bxc4 g5 27. Rxe3 Bc5 28. Kf2 Rfd8 29. Nb3 Bxe3+ 30. Kxe3 g4 31. Qf1 Qe8 32. Qe1 Rxa4 33. Rb1 Qc6 34. Kf2 Ra2 35. Qe3 Be4 36. Nc1 Bxd3 37. Nxa2 Bxc4 38. Nxb4 Qa4 39. Qc3 Qa7+ 0-1

[Event "Titled Tuesday intern op 15th Aug Early"]
[Site "Chess.com INT"]
[Date "2023.08.15"]
[Round "4"]
[White "Principe, Alexander"]
[Black "Lysyj, Igor"]
[Result "0-1"]
[WhiteElo "2295"]
[BlackElo "2589"]
[PlyCount "42"]
[EventDate "2023.08.15"]
[EventType "swiss (blitz)"]
[EventRounds "11"]
[EventCountry "USA"]
[SourceTitle "EXT 2024"]
[Source "ChessBase"]
[SourceDate "2023.10.10"]
[SourceVersion "1"]
[SourceVersionDate "2023.10.10"]
[SourceQuality "1"]

1. e4 e5 2. Nf3 Nc6 3. d4 exd4 4. Nxd4 Nf6 5. Nxc6 bxc6 6. e5 Qe7 7. Qe2 Nd5 8. c4 Ba6 9. b3 g6 10. f4 d6 11. Ba3 Nxf4 12. exd6 Qxe2+ 13. Bxe2 Bg7 14. Bf3 0-0-0 15. d7+ Rxd7 16. Bf8 Rxf8 17. Nc3 Bxc3+ 18. Kf2 Bxa1 19. Kg3 Be5 20. Ra1 Nh5+ 21. Kh4 Rd4+ 0-1

[Event "Titled Tuesday intern op 08th Aug Late"]
[Site "Chess.com INT"]
[Date "2023.08.08"]
[Round "7"]
[White "Miladinovic, Igor"]
[Black "Principe, Alexander"]
[Result "1-0"]
[WhiteElo "2489"]
[BlackElo "2295"]
[PlyCount "75"]
[EventDate "2023.08.08"]
[EventType "swiss (blitz)"]
[EventRounds "11"]
[EventCountry "USA"]
[SourceTitle "EXT 2024"]
[Source "ChessBase"]
[SourceDate "2023.10.10"]
[SourceVersion "1"]
[SourceVersionDate "2023.10.10"]
[SourceQuality "1"]

1. d4 Nf6 2. Bg5 Ne4 3. h4 c5 4. dxc5 Qa5+ 5. Nd2 Nxd2 6. Qxd2 Qxc5 7. e4 Nc6 8. c3 d6 9. Nf3 Bg4 10. Be3 Qa5 11. Nd4 Bd7 12. f4 a6 13. Bc4 e6 14. h5 h6 15. f5 Ne5 16. fxe6 fxe6 17. Bxe6 0-0-0 18. 0-0 Be7 19. Bd5 Bf6 20. b4 Qc7 21. c4 Rde8 22. b5 Ng4 23. bxa6 bxa6 24. Rxf6 gxf6 25. Bf4 Ne5 26. Rb1 Qc5 27. Kh1 Rhg8 28. Be3 Ng4 29. Bb7+ Kb8 30. Nc6+ Kc7 31. Bxc5 Nf2+ 32. Bxf2 Rxe4 33. Na5 Rxg2 34. Kxg2 Re2 35. Qxe2 Bc6+ 36. Bxc6 d5 37. Qe7+ Kc8 38. Qd7# 1-0

[Event "Titled Tuesday intern op 08th Aug Late"]
[Site "Chess.com INT"]
[Date "2023.08.08"]
[Round "1"]
[White "Principe, Alexander"]
[Black "Ramadoss, Ashokkumar"]
[Result "1/2-1/2"]
[WhiteElo "2295"]
[BlackElo "2110"]
[PlyCount "133"]
[EventDate "2023.08.08"]
[EventType "swiss (blitz)"]
[EventRounds "11"]
[EventCountry "USA"]
[SourceTitle "EXT 2024"]
[Source "ChessBase"]
[SourceDate "2023.10.10"]
[SourceVersion "1"]
[SourceVersionDate "2023.10.10"]
[SourceQuality "1"]

1. e4 e6 2. d4 d5 3. e5 c5 4. c3 Nc6 5. Nf3 Qb6 6. a3 Bd7 7. b4 cxd4 8. cxd4 Rc8 9. Bd3 Nh6 10. Bxh6 gxh6 11. Be2 a5 12. b5 Na7 13. a4 Bb4+ 14. Nbd2 Qc7 15. 0-0 Qc2 16. Rc1 Qxd1 17. Rfxd1 Ke7 18. Nb3 Ba3 19. Ra1 Bb4 20. Rac1 Rxc1 21. Rxc1 Rc8 22. Rxc8 Nxc8 23. Bd1 Kd8 24. Nc5 Kc7 25. Kf1 Nb6 26. Bc2 Nc4 27. Bxh7 b6 28. Nxd7 Kxd7 29. Ke2 Ke7 30. Bd3 Nb2 31. Bc2 Nc4 32. h4 f6 33. exf6+ Kxf6 34. g4 e5 35. g5+ hxg5 36. hxg5+ Ke6 37. dxe5 Nxe5 38. Nd4+ Kf7 39. f4 Nd7 40. Bb3 Bd6 41. Bxd5+ Kg6 42. Be4+ Kh5 43. Kf3 Nc5 44. Nf5 Bf8 45. Bc2 Ne6 46. Ng3+ Kh4 47. g6 Nd4+ 48. Kf2 Nxc2 49. g7 Bxg7 50. Nf5+ Kg4 51. Nxg7 Kxf4 52. Ke2 Ke4 53. Kd2 Nd4 54. Kc3 Kd5 55. Ne8 Kc5 56. Nf6 Nxb5+ 57. axb5 Kxb5 58. Kb3 a4+ 59. Ka3 Ka5 60. Nd5 b5 61. Nb4 Kb6 62. Nc2 Kc5 63. Nb4 Kc4 64. Na2 Kc5 65. Nb4 Kc4 66. Na2 Kc5 67. Nb4 1/2-1/2

[Event "Titled Tuesday intern op 25th Jul Late"]
[Site "Chess.com INT"]
[Date "2023.07.25"]
[Round "2"]
[White "Fressinet, Laurent"]
[Black "Principe, Alexander"]
[Result "1-0"]
[WhiteElo "2652"]
[BlackElo "2295"]
[PlyCount "99"]
[EventDate "2023.07.25"]
[EventType "swiss (blitz)"]
[EventRounds "11"]
[EventCountry "USA"]
[SourceTitle "EXT 2024"]
[Source "ChessBase"]
[SourceDate "2023.10.10"]
[SourceVersion "1"]
[SourceVersionDate "2023.10.10"]
[SourceQuality "1"]

1. d4 Nf6 2. Nf3 g6 3. Bg5 Bg7 4. Nbd2 d6 5. c3 0-0 6. e4 c5 7. dxc5 dxc5 8. Bc4 Nc6 9. Qe2 h6 10. Bh4 g5 11. Bg3 Nh5 12. Qe3 b6 13. 0-0 Nxg3 14. hxg3 Qc7 15. Rfd1 Bb7 16. a4 Rad8 17. Nf1 Ne5 18. Nxe5 Qxe5 19. Bd5 Bxd5 20. exd5 Rxd5 21. Rxd5 Qxd5 22. Qxe7 Qb3 23. Qe2 Rd8 24. Ne3 Qe6 25. Rd1 Rxd1+ 26. Qxd1 Bf6 27. Qd3 h5 28. Qf5 Qxf5 29. Nxf5 Kf8 30. f3 Be5 31. g4 h4 32. Kf2 Ke8 33. Ke3 Kd7 34. Ke4 f6 35. Ne3 Ke6 36. Nd5 Bd6 37. b4 cxb4 38. cxb4 Bh2 39. b5 Bd6 40. Ne3 Bf4 41. Nf5 Be5 42. Ne3 Bh2 43. Nc4 Bc7 44. Na3 Bd6 45. Nc2 Be5 46. Nb4 Kd6 47. Nc6 Bh2 48. Nxa7 Kc5 49. Nc6 Bf4 50. Kf5 1-0

[Event "Titled Tuesday intern op 25th Jul Late"]
[Site "Chess.com INT"]
[Date "2023.07.25"]
[Round "7"]
[White "Matinian, Nikita"]
[Black "Principe, Alexander"]
[Result "0-1"]
[WhiteElo "2421"]
[BlackElo "2295"]
[PlyCount "130"]
[EventDate "2023.07.25"]
[EventType "swiss (blitz)"]
[EventRounds "11"]
[EventCountry "USA"]
[SourceTitle "EXT 2024"]
[Source "ChessBase"]
[SourceDate "2023.10.10"]
[SourceVersion "1"]
[SourceVersionDate "2023.10.10"]
[SourceQuality "1"]

1. e4 e6 2. d4 d5 3. Nc3 Bb4 4. e5 c5 5. a3 Bxc3+ 6. bxc3 Ne7 7. h4 Qa5 8. Bd2 Bd7 9. h5 h6 10. Qg4 Kf8 11. Rh3 Qa4 12. Bd3 c4 13. Rg3 Rg8 14. Bh7 Nf5 15. Bxg8 Nxg3 16. Qxg3 Qxc2 17. Rc1 Qe4+ 18. Ne2 Kxg8 19. Bxh6 g6 20. hxg6 Qxg6 21. Bg5 Ba4 22. Nf4 Qh7 23. Be7+ Qg7 24. Qh4 Nd7 25. Kd2 Qh7 26. Qxh7+ Kxh7 27. Rh1+ Kg7 28. Rh3 Rg8 29. Nh5+ Kg6 30. g4 Re8 31. Bd6 Kg5 32. Rg3 Kg6 33. f4 f5 34. exf6 Nxf6 35. Nxf6 Kxf6 36. Be5+ Kg6 37. Rh3 Re7 38. Rh8 Rh7 39. Rg8+ Kf7 40. Rc8 Rh2+ 41. Ke3 Rh3+ 42. Kf2 Rxc3 43. f5 exf5 44. gxf5 Bd1 45. Rc7+ Ke8 46. f6 Rf3+ 47. Ke1 Ba4 48. Re7+ Kd8 49. Rxb7 c3 50. Rb8+ Kd7 51. Rb7+ Ke6 52. Re7+ Kf5 53. f7 Kg4 54. Rc7 c2 55. Kd2 Rf2+ 56. Ke3 Rf3+ 57. Ke2 Bb5+ 58. Kd2 Rf2+ 59. Kc1 Bd3 60. Kb2 Bg6 61. f8Q Rxf8 62. Rg7 Kh5 63. Rc7 Rf1 64. Kb3 Rb1+ 65. Ka2 c1Q 0-1

[Event "Titled Tuesday intern op 18th Jul Early"]
[Site "Chess.com INT"]
[Date "2023.07.18"]
[Round "2"]
[White "Principe, Alexander"]
[Black "Xu, Yi"]
[Result "0-1"]
[WhiteElo "2295"]
[BlackElo "2494"]
[PlyCount "36"]
[EventDate "2023.07.18"]
[EventType "swiss (blitz)"]
[EventRounds "11"]
[EventCountry "USA"]
[SourceTitle "EXT 2024"]
[Source "ChessBase"]
[SourceDate "2023.10.10"]
[SourceVersion "1"]
[SourceVersionDate "2023.10.10"]
[SourceQuality "1"]

1. e4 c5 2. Nf3 Nc6 3. d4 cxd4 4. Nxd4 Nf6 5. Nc3 e6 6. Ndb5 Bc5 7. Nd6+ Ke7 8. Nxc8+ Rxc8 9. Bd3 Qc7 10. 0-0 h5 11. Ne2 Ng4 12. Bf4 Qb6 13. Qe1 Rcg8 14. h3 g5 15. Bd2 Qc7 16. hxg4 hxg4 17. g3 Ne5 18. Kg2 Nf3 0-1

[Event "Titled Tuesday intern op 04th Jul Early"]
[Site "Chess.com INT"]
[Date "2023.07.04"]
[Round "1"]
[White "Principe, Alexander"]
[Black "Oparin, Grigoriy"]
[Result "0-1"]
[WhiteElo "2295"]
[BlackElo "2681"]
[PlyCount "76"]
[EventDate "2023.07.04"]
[EventType "swiss (blitz)"]
[EventRounds "11"]
[EventCountry "USA"]
[SourceTitle "EXT 2024"]
[Source "ChessBase"]
[SourceDate "2023.10.10"]
[SourceVersion "1"]
[SourceVersionDate "2023.10.10"]
[SourceQuality "1"]

1. e4 c5 2. Nf3 e6 3. d4 cxd4 4. Nxd4 Nf6 5. Bd3 Nc6 6. Nxc6 bxc6 7. c4 e5 8. 0-0 Bc5 9. Nc3 0-0 10. Qe2 d6 11. Be3 Bd4 12. Qd2 Ng4 13. Bxd4 exd4 14. Ne2 c5 15. h3 Ne5 16. f4 Nxd3 17. Qxd3 Re8 18. g4 Qh4 19. Kg2 Bb7 20. Ng3 Re6 21. Rae1 Rae8 22. Re2 g6 23. f5 Re5 24. Kh2 Qe7 25. Rfe1 a5 26. b3 a4 27. bxa4 Ba6 28. Rb2 d5 29. Rb6 dxc4 30. Qf3 Qa7 31. fxg6 hxg6 32. Rf1 R5e6 33. Rxe6 Rxe6 34. h4 c3 35. Rc1 Qe7 36. h5 Qg5 37. Rb1 c2 38. Rb8+ Kg7 0-1

[Event "Titled Tuesday intern op 20th Jun Late"]
[Site "Chess.com INT"]
[Date "2023.06.20"]
[Round "1"]
[White "Principe, Alexander"]
[Black "Bordi, Kevin Claude"]
[Result "1/2-1/2"]
[WhiteElo "2295"]
[BlackElo "2288"]
[PlyCount "148"]
[EventDate "2023.06.20"]
[EventType "swiss (blitz)"]
[EventRounds "11"]
[EventCountry "USA"]
[SourceTitle "EXT 2024"]
[Source "ChessBase"]
[SourceDate "2023.10.10"]
[SourceVersion "1"]
[SourceVersionDate "2023.10.10"]
[SourceQuality "1"]

1. e4 d5 2. exd5 Qxd5 3. Nc3 Qa5 4. d4 Nf6 5. Nf3 Nc6 6. Bb5 Ne4 7. Bd2 Nxc3 8. Bxc6+ bxc6 9. Bxc3 Qd5 10. 0-0 Bg4 11. Re1 Bxf3 12. Qxf3 Qxf3 13. gxf3 e6 14. Ba5 Kd7 15. c4 Rb8 16. b3 Bd6 17. Rad1 h5 18. Kg2 Rh6 19. h3 Rg6+ 20. Kf1 Rf6 21. Kg2 Rf5 22. Bc3 Rg5+ 23. Kf1 Rf5 24. Rd3 Bf4 25. Red1 g6 26. Ke2 a6 27. d5 cxd5 28. cxd5 exd5 29. Rxd5+ Rxd5 30. Rxd5+ Bd6 31. Ra5 Rb6 32. Kd3 Rc6 33. Bd2 f5 34. Ra4 Ke6 35. Rc4 Rb6 36. b4 Kd5 37. Rd4+ Kc6 38. a4 Rb8 39. Kc4 Re8 40. Be3 Rb8 41. Bd2 Re8 42. Be3 Re6 43. b5+ axb5+ 44. axb5+ Kb7 45. f4 Re8 46. Kd5 Ra8 47. Ke6 Ra5 48. Rd5 Ra4 49. Kf6 Bxf4 50. Kxg6 Bxe3 51. fxe3 Rh4 52. Rxf5 Rxh3 53. e4 Re3 54. e5 h4 55. Kf6 h3 56. Rh5 Rf3+ 57. Ke7 Kb6 58. e6 Re3 59. Kf7 h2 60. Rxh2 Kxb5 61. Rf2 c5 62. e7 c4 63. e8Q+ Rxe8 64. Kxe8 c3 65. Kd7 Kc4 66. Kd6 Kd3 67. Rf3+ Kd2 68. Rf2+ Kd3 69. Kd5 c2 70. Rf3+ Kd2 71. Rf2+ Kd3 72. Rf1 Kd2 73. Kd4 c1Q 74. Rxc1 Kxc1 1/2-1/2

[Event "Titled Tuesday intern op 20th Jun Late"]
[Site "Chess.com INT"]
[Date "2023.06.20"]
[Round "2"]
[White "Siddharth, Jagadeesh"]
[Black "Principe, Alexander"]
[Result "1-0"]
[WhiteElo "2397"]
[BlackElo "2295"]
[PlyCount "23"]
[EventDate "2023.06.20"]
[EventType "swiss (blitz)"]
[EventRounds "11"]
[EventCountry "USA"]
[SourceTitle "EXT 2024"]
[Source "ChessBase"]
[SourceDate "2023.10.10"]
[SourceVersion "1"]
[SourceVersionDate "2023.10.10"]
[SourceQuality "1"]

1. e4 e6 2. d4 d5 3. e5 c5 4. c3 Nc6 5. Nf3 Bd7 6. Be2 Rc8 7. 0-0 b6 8. Na3 Nge7 9. Bg5 h6 10. Nb5 Nf5 11. Bxd8 Ncxd4 12. cxd4 1-0

[Event "Titled Tuesday intern op 06th Jun Late"]
[Site "Chess.com INT"]
[Date "2023.06.06"]
[Round "5"]
[White "Principe, Alexander"]
[Black "Kushko, Dmitriy"]
[Result "0-1"]
[WhiteElo "2295"]
[BlackElo "2426"]
[PlyCount "68"]
[EventDate "2023.06.06"]
[EventType "swiss (blitz)"]
[EventRounds "11"]
[EventCountry "USA"]
[SourceTitle "EXT 2024"]
[Source "ChessBase"]
[SourceDate "2023.10.10"]
[SourceVersion "1"]
[SourceVersionDate "2023.10.10"]
[SourceQuality "1"]

1. e4 g6 2. d4 Bg7 3. Nc3 d6 4. f4 a6 5. Nf3 b5 6. Bd3 Nd7 7. e5 c5 8. Be4 Rb8 9. exd6 exd6 10. dxc5 dxc5 11. 0-0 Ngf6 12. Bc6 0-0 13. Bxd7 Qxd7 14. Qxd7 Bxd7 15. Ne5 Bf5 16. Nc6 Rbe8 17. a4 b4 18. Nd1 Bxc2 19. Ne3 Be4 20. Ne5 Rd8 21. b3 Nd5 22. N3c4 Bc2 23. Na5 f6 24. Nec6 Rde8 25. Bb2 Re2 26. Rf2 Rxf2 27. Kxf2 Nxf4 28. Kg3 Nd3 29. Ra2 Bb1 30. Ra1 Bc2 31. Ra2 Re8 32. Bxf6 Re3+ 33. Kg4 Bxf6 34. Ne7+ Bxe7 0-1

[Event "Titled Tuesday intern op 23rd May Late"]
[Site "Chess.com INT"]
[Date "2023.05.23"]
[Round "1"]
[White "Principe, Alexander"]
[Black "Talibov, Shiroghlan"]
[Result "0-1"]
[WhiteElo "2295"]
[BlackElo "2359"]
[PlyCount "33"]
[EventDate "2023.05.23"]
[EventType "swiss (blitz)"]
[EventRounds "11"]
[EventCountry "USA"]
[SourceTitle "EXT 2024"]
[Source "ChessBase"]
[SourceDate "2023.10.10"]
[SourceVersion "1"]
[SourceVersionDate "2023.10.10"]
[SourceQuality "1"]

1. e4 Nf6 2. e5 Nd5 3. d4 d6 4. exd6 cxd6 5. Bd3 g6 6. Ne2 Bg7 7. a3 0-0 8. c4 Nb6 9. Nbc3 Nc6 10. Be3 d5 11. c5 Nc4 12. b3 Nxe3 13. fxe3 e5 14. Bb5 exd4 15. exd4 Nxd4 16. Qd2 Nxe2 17. Qh6 0-1

[Event "Titled Tuesday intern op 18th Apr Early"]
[Site "Chess.com INT"]
[Date "2023.04.18"]
[Round "7"]
[White "Harsh, Suresh"]
[Black "Principe, Alexander"]
[Result "1-0"]
[WhiteElo "2261"]
[BlackElo "2295"]
[PlyCount "41"]
[EventDate "2023.04.18"]
[EventType "swiss (blitz)"]
[EventRounds "11"]
[EventCountry "USA"]
[SourceTitle "EXT 2024"]
[Source "ChessBase"]
[SourceDate "2023.10.10"]
[SourceVersion "1"]
[SourceVersionDate "2023.10.10"]
[SourceQuality "1"]

1. e4 e6 2. d4 d5 3. Nd2 Nc6 4. Ngf3 Nf6 5. e5 Nd7 6. Bb5 a6 7. Bxc6 bxc6 8. 0-0 c5 9. c3 cxd4 10. cxd4 c5 11. dxc5 Bxc5 12. Qa4 0-0 13. Nb3 Bb7 14. Qg4 Re8 15. Nxc5 Nxc5 16. Bg5 Qd7 17. Bf6 g6 18. Qg5 Qe7 19. Bxe7 Nd3 20. Bf6 Ne1 21. Raxe1 1-0

[Event "Titled Tuesday intern op 18th Apr Early"]
[Site "Chess.com INT"]
[Date "2023.04.18"]
[Round "3"]
[White "Ibarra Jerez, Jose Carlos"]
[Black "Principe, Alexander"]
[Result "1-0"]
[WhiteElo "2563"]
[BlackElo "2295"]
[PlyCount "51"]
[EventDate "2023.04.18"]
[EventType "swiss (blitz)"]
[EventRounds "11"]
[EventCountry "USA"]
[SourceTitle "EXT 2024"]
[Source "ChessBase"]
[SourceDate "2023.10.10"]
[SourceVersion "1"]
[SourceVersionDate "2023.10.10"]
[SourceQuality "1"]

1. e4 c5 2. Nf3 Nc6 3. d4 cxd4 4. Nxd4 Nf6 5. Nc3 d6 6. Nd5 e6 7. Nxf6+ gxf6 8. Nxc6 bxc6 9. Qh5 Qb6 10. Bd3 e5 11. 0-0 Be6 12. b3 d5 13. Qh4 Be7 14. Qh6 0-0-0 15. Be3 d4 16. Bd2 Rhg8 17. f4 Rg6 18. Qh5 Rdg8 19. Rf2 Bg4 20. Qxh7 R6g7 21. Qh6 Qd8 22. fxe5 Rg6 23. Qf4 fxe5 24. Qxe5 Bd6 25. Qa5 Qh4 26. e5 1-0

[Event "Titled Tuesday intern op 18th Apr Early"]
[Site "Chess.com INT"]
[Date "2023.04.18"]
[Round "5"]
[White "Makhmudov, Shukhrat"]
[Black "Principe, Alexander"]
[Result "0-1"]
[WhiteElo "2115"]
[BlackElo "2295"]
[PlyCount "124"]
[EventDate "2023.04.18"]
[EventType "swiss (blitz)"]
[EventRounds "11"]
[EventCountry "USA"]
[SourceTitle "EXT 2024"]
[Source "ChessBase"]
[SourceDate "2023.10.10"]
[SourceVersion "1"]
[SourceVersionDate "2023.10.10"]
[SourceQuality "1"]

1. e4 e6 2. Nf3 d5 3. e5 c5 4. b4 d4 5. bxc5 Bxc5 6. Bb5+ Bd7 7. Bxd7+ Qxd7 8. 0-0 Ne7 9. d3 Nbc6 10. Nbd2 0-0 11. Ne4 b6 12. Nxc5 bxc5 13. Ba3 Qd5 14. Re1 Ng6 15. Qe2 Rab8 16. Qe4 Nb4 17. Bxb4 Rxb4 18. Qxd5 exd5 19. e6 fxe6 20. Rxe6 Rb2 21. Ne1 c4 22. g3 cxd3 23. Nxd3 Rxc2 24. f4 Rd2 25. Nb4 Rb8 26. Nxd5 Rbb2 27. f5 Rg2+ 28. Kh1 Rxh2+ 29. Kg1 Nf8 30. Re7 Rbg2+ 31. Kf1 Rxg3 32. Rae1 Rh1+ 33. Kf2 Rxe1 34. Kxe1 Rf3 35. Rxa7 h5 36. Ke2 Rg3 37. f6 gxf6 38. Nxf6+ Kh8 39. Nxh5 Re3+ 40. Kd2 Ng6 41. Nf6 Ne7 42. Ng4 Re6 43. Kd3 Kg7 44. Rc7 Kg6 45. Kxd4 Nf5+ 46. Kd5 Rd6+ 47. Ke5 Ra6 48. Rc2 Ra5+ 49. Kf4 Ra4+ 50. Ke5 Rxg4 51. Rc6+ Kg5 52. Rf6 Rf4 53. Rf8 Rf1 54. Rg8+ Kh6 55. Rf8 Kg6 56. Rg8+ Kf7 57. Rg5 Ne7 58. Ke4 Ra1 59. Rg2 Ke6 60. Kd4 Nf5+ 61. Kc4 Ne3+ 62. Kb3 Nxg2 0-1

[Event "Nonalaya Ricardo Online op"]
[Site "Chess.com INT"]
[Date "2020.07.19"]
[Round "7"]
[White "Terry, Renato"]
[Black "Principe, Alexander"]
[Result "1-0"]
[WhiteElo "2504"]
[BlackElo "2295"]
[PlyCount "63"]
[EventDate "2020.07.19"]
[EventType "swiss (blitz)"]
[EventRounds "9"]
[EventCountry "PER"]
[SourceTitle "CBM 197 Extra"]
[Source "ChessBase"]
[SourceDate "2020.09.30"]
[SourceVersion "1"]
[SourceVersionDate "2020.09.30"]
[SourceQuality "1"]

1. d4 Nf6 2. Bg5 Ne4 3. Bf4 d5 4. Nd2 Nxd2 5. Qxd2 c6 6. Nf3 e6 7. e3 Nd7 8. Bd3 Be7 9. h3 c5 10. c3 0-0 11. 0-0 b6 12. a4 a6 13. e4 Bb7 14. e5 cxd4 15. cxd4 f5 16. Ng5 Bxg5 17. Bxg5 Qe8 18. Qb4 Rf7 19. Rfc1 h6 20. Bd2 Rc8 21. Rxc8 Qxc8 22. Rc1 Qb8 23. Qd6 Qxd6 24. exd6 Nf6 25. Bf4 Ne8 26. Re1 Bc8 27. h4 Ra7 28. Bxf5 Kf7 29. Bd3 Rd7 30. Rc1 Bb7 31. h5 Nxd6 32. Bxd6 1-0

[Event "Latin Cup-A 9th"]
[Site "Lima"]
[Date "2018.02.04"]
[Round "9"]
[White "Principe, Alexander"]
[Black "Robledo, Manuel"]
[Result "1/2-1/2"]
[WhiteElo "2264"]
[BlackElo "2189"]
[PlyCount "141"]
[EventDate "2018.01.29"]
[EventType "tourn"]
[EventRounds "9"]
[EventCountry "PER"]
[SourceTitle "CBM 182 Extra"]
[Source "ChessBase"]
[SourceDate "2018.02.23"]
[SourceVersion "1"]
[SourceVersionDate "2018.02.23"]
[SourceQuality "1"]

1. e4 c5 2. Nf3 d6 3. d4 cxd4 4. Nxd4 Nf6 5. Nc3 a6 6. Bg5 e6 7. f4 Be7 8. Qf3 h6 9. Bh4 Qc7 10. 0-0-0 Nbd7 11. Bd3 g5 12. fxg5 Ne5 13. Qe2 Nfg4 14. Nf3 hxg5 15. Bg3 Bd7 16. Rhf1 Qc5 17. Rde1 b5 18. h3 b4 19. Nxe5 Nxe5 20. Bxe5 Qxe5 21. Nd1 Bf6 22. Rf3 Bg7 23. Ref1 0-0 24. Qf2 Be8 25. Qg3 a5 26. Qxe5 Bxe5 27. Ne3 Bc6 28. Nc4 Bf4+ 29. Nd2 f5 30. Re1 fxe4 31. Bxe4 d5 32. Bg6 e5 33. Rxf4 exf4 34. Re6 Rac8 35. Nf3 Kg7 36. Bd3 Rf6 37. Re5 Re8 38. Rxg5+ Kf8 39. Nd4 Re1+ 40. Kd2 Ra1 41. Nxc6 Rxc6 42. Rf5+ Ke7 43. Rxf4 Rxa2 44. b3 Rf6 45. Ke3 Rxf4 46. Kxf4 a4 47. bxa4 Rxa4 48. Ke5 Ra3 49. Bf5 Rg3 50. Kxd5 Rxg2 51. Kc4 Rf2 52. Bd3 Rf4+ 53. Kc5 Rh4 54. Bf1 Kf6 55. Bc4 Ke5 56. Kxb4 Kd6 57. c3 Kc6 58. Kb3 Rxh3 59. Bg8 Kc5 60. Bf7 Kd6 61. Kb4 Rh4+ 62. c4 Rh1 63. Bd5 Rb1+ 64. Kc3 Kc5 65. Kd3 Rb3+ 66. Ke4 Rc3 67. Be6 Ra3 68. Bd5 Rh3 69. Ke5 Re3+ 70. Kf4 Re1 71. Kf5 1/2-1/2

[Event "Latin Cup-A 9th"]
[Site "Lima"]
[Date "2018.02.02"]
[Round "8"]
[White "Quintiliano Pinto, Renato Rodrigues"]
[Black "Principe, Alexander"]
[Result "1/2-1/2"]
[WhiteElo "2431"]
[BlackElo "2264"]
[PlyCount "72"]
[EventDate "2018.01.29"]
[EventType "tourn"]
[EventRounds "9"]
[EventCountry "PER"]
[SourceTitle "CBM 182 Extra"]
[Source "ChessBase"]
[SourceDate "2018.02.23"]
[SourceVersion "1"]
[SourceVersionDate "2018.02.23"]
[SourceQuality "1"]

1. d4 Nf6 2. c4 g6 3. Nc3 Bg7 4. e4 0-0 5. Nf3 d6 6. Be2 e5 7. 0-0 Nc6 8. d5 Ne7 9. b4 Nh5 10. g3 f5 11. Ng5 Nf6 12. f3 f4 13. b5 c5 14. bxc6 bxc6 15. Rb1 h6 16. Ne6 Bxe6 17. dxe6 fxg3 18. hxg3 Qc7 19. Ba3 Rfd8 20. Kg2 Qc8 21. Bxd6 Qxe6 22. c5 Nc8 23. Qa4 Nxd6 24. cxd6 Qxd6 25. Rb7 Nh5 26. Rxa7 Rxa7 27. Qxa7 Qb4 28. Rd1 Rxd1 29. Nxd1 Qd2 30. Qf2 Qxa2 31. Ne3 Kh7 32. Nc4 Nf6 33. Bf1 Qxf2+ 34. Kxf2 Nd7 35. Bh3 Nc5 36. Na5 Bf6 1/2-1/2